[Event "CAN-op (Pinnacle 48th CAN Op Ch)"]
[Site "Toronto CAN"]
[Date "2011.07.16"]
[Round "8"]
[White "Austria, Federico"]
[Black "Lin, Tony (Juntao)"]
[Result "1/2-1/2"]
[WhiteElo "2105"]
[BlackElo "2023"]
[PlyCount "99"]
[GameId "2160767909707439"]
[EventDate "2011.07.09"]
[EventType "swiss"]
[EventRounds "9"]
[EventCountry "CAN"]
[SourceTitle "hb 2011"]

1. Nf3 d5 2. d4 Nf6 3. e3 Bf5 4. Bd3 Bxd3 5. Qxd3 c6 6. c4 e6 7. Nc3 Nbd7 8. e4 dxe4 9. Nxe4 Nxe4 10. Qxe4 Nf6 11. Qe2 Bb4+ 12. Kf1 Be7 13. Be3 O-O 14. h3 Qc7 15. g4 Rfd8 16. g5 Nd7 17. h4 Nf8 18. h5 Bd6 19. Re1 Bf4 20. b3 Rac8 21. h6 Bxe3 22. fxe3 f5 23. gxf6 gxf6 24. Rg1+ Ng6 25. Nh4 Kf7 26. Qh5 Rg8 27. Re2 Qd6 28. Reg2 Qa3 29. Rc2 Qd6 30. Nxg6 Rxg6 31. Rcg2 Rcg8 32. Rxg6 Rxg6 33. Rxg6 hxg6 34. Qh4 Qf8 35. h7 Kg7 36. Qh2 Kh8 37. Qc7 Qg7 38. Qc8+ Kxh7 39. Qxe6 Qh6 40. Qf7+ Qg7 41. Qe6 Qh6 42. d5 Qh1+ 43. Ke2 Qg2+ 44. Kd3 Qxa2 45. Qd7+ Kh6 46. Qxb7 c5 47. d6 Qb1+ 48. Kd2 Qb2+ 49. Ke1 Qb1+ 50. Kf2 1/2-1/2

[Event "CAN-op (Pinnacle 48th CAN Op Ch)"]
[Site "Toronto CAN"]
[Date "2011.07.16"]
[Round "8"]
[White "Back, Jeff"]
[Black "Yun, Chang"]
[Result "1/2-1/2"]
[WhiteElo "2053"]
[BlackElo "1572"]
[PlyCount "129"]
[GameId "2160767909707440"]
[EventDate "2011.07.09"]
[EventType "swiss"]
[EventRounds "9"]
[EventCountry "CAN"]
[SourceTitle "hb 2011"]

1. d4 Nf6 2. Nc3 d5 3. Bg5 e6 4. Nf3 Be7 5. Bxf6 Bxf6 6. e4 O-O 7. e5 Be7 8. Bd3 c5 9. dxc5 Bxc5 10. O-O Nc6 11. a3 a5 12. Qe2 f6 13. Rad1 fxe5 14. Nxe5 Nxe5 15. Qxe5 Qh4 16. Qg3 Qxg3 17. hxg3 Bd7 18. Be2 Rf6 19. Nxd5 exd5 20. Rxd5 Re8 21. Bc4 b5 22. Bb3 a4 23. Rxc5+ axb3 24. cxb3 Re2 25. a4 bxa4 26. bxa4 Rxb2 27. Rc4 h6 28. Rd1 Be6 29. Rf4 Rxf4 30. gxf4 Ra2 31. Rd8+ Kf7 32. Ra8 Kf6 33. Ra6 Kf5 34. g4+ Kxf4 35. Rxe6 Rxa4 36. Rg6 Ra7 37. Kg2 Rf7 38. Rd6 Kxg4 39. Rg6+ Kh5 40. Rg3 g5 41. Ra3 Kg6 42. Ra5 h5 43. Rb5 h4 44. Rb8 Kh6 45. Rb4 Rf4 46. Rxf4 gxf4 47. f3 Kg5 48. Kh3 Kh5 49. Kg2 Kh6 50. Kh2 Kg5 51. Kg2 Kf5 52. Kh3 Ke5 53. Kxh4 Kf5 54. Kh5 Kf6 55. Kg4 Kg6 56. Kxf4 Kf6 57. Ke4 Ke6 58. f4 Kf6 59. f5 Kf7 60. Ke5 Ke7 61. f6+ Kf7 62. Kf5 Kf8 63. Ke6 Ke8 64. f7+ Kf8 65. Kd7 1/2-1/2

[Event "CAN-op (Pinnacle 48th CAN Op Ch)"]
[Site "Toronto CAN"]
[Date "2011.07.16"]
[Round "8"]
[White "Barrios, Felix"]
[Black "Renteria, Rolando"]
[Result "1-0"]
[WhiteElo "2172"]
[BlackElo "2346"]
[PlyCount "39"]
[GameId "2160767909707441"]
[EventDate "2011.07.09"]
[EventType "swiss"]
[EventRounds "9"]
[EventCountry "CAN"]
[SourceTitle "hb 2011"]

1. d4 Nf6 2. c4 g6 3. Nc3 Bg7 4. e4 d6 5. Bg5 O-O 6. Qd2 c6 7. Bd3 e5 8. d5 a6 9. Nge2 cxd5 10. Nxd5 Be6 11. Nec3 Nc6 12. O-O Nd4 13. Kh1 Bxd5 14. cxd5 h6 15. Bxh6 Bxh6 16. Qxh6 Ng4 17. Qd2 Nxh2 18. Kxh2 Qh4+ 19. Kg1 Nf3+ 20. gxf3 1-0

[Event "CAN-op (Pinnacle 48th CAN Op Ch)"]
[Site "Toronto CAN"]
[Date "2011.07.16"]
[Round "8"]
[White "Baumgartner, Christopher"]
[Black "Zhao, Yue Tong (Davy)"]
[Result "0-1"]
[WhiteElo "1904"]
[BlackElo "1512"]
[PlyCount "146"]
[GameId "2160767909707442"]
[EventDate "2011.07.09"]
[EventType "swiss"]
[EventRounds "9"]
[EventCountry "CAN"]
[SourceTitle "hb 2011"]

1. e4 g6 2. d4 Bg7 3. Be3 c5 4. Nf3 Qb6 5. b3 Nc6 6. c3 cxd4 7. cxd4 Qb4+ 8. Qd2 Qxd2+ 9. Nbxd2 Nb4 10. Kd1 Nf6 11. a3 Nc6 12. Rc1 Ng4 13. Bc4 Nxe3+ 14. fxe3 Na5 15. Bd3 O-O 16. Rf1 Nc6 17. Bc4 Na5 18. Bd3 b6 19. b4 Nc6 20. Bc4 e6 21. e5 Bh6 22. Ke2 f5 23. exf6 Rxf6 24. Ne4 Rf8 25. Nd6 Ne7 26. g4 Rb8 27. Ne5 a6 28. Nxc8 Rbxc8 29. Nxd7 Rxf1 30. Bxe6+ Rf7 31. Rxc8+ Nxc8 32. Ne5 Nd6 33. d5 Kf8 34. Bxf7 Nxf7 35. Nd7+ Ke7 36. Nxb6 Kd6 37. e4 Ne5 38. h3 Bc1 39. a4 Ba3 40. b5 Kc7 41. a5 axb5 42. Ke3 Bb4 43. Kf4 Nd3+ 44. Ke3 Bxa5 45. Na8+ Kb7 46. Kxd3 Kxa8 47. e5 Kb7 48. h4 Kc7 49. Kd4 Bb6+ 50. Ke4 Kd7 51. h5 b4 52. Kd3 Bc5 53. Kc4 Bd6 54. exd6 Kxd6 55. Kxb4 Kxd5 56. Kc3 Ke4 57. Kd2 g5 58. Ke2 h6 59. Kf2 Kd3 60. Kf3 Kd4 61. Kg2 Ke4 62. Kg3 Ke3 63. Kg2 Kf4 64. Kh3 Kf3 65. Kh2 Kxg4 66. Kg2 Kxh5 67. Kg3 g4 68. Kg2 Kh4 69. Kh2 g3+ 70. Kg2 Kg4 71. Kg1 Kf3 72. Kf1 g2+ 73. Kg1 h5 0-1

[Event "CAN-op (Pinnacle 48th CAN Op Ch)"]
[Site "Toronto CAN"]
[Date "2011.07.16"]
[Round "8"]
[White "Bzikot, Robert"]
[Black "Grecu, Veaceslav"]
[Result "1-0"]
[WhiteElo "2004"]
[BlackElo "1846"]
[PlyCount "77"]
[GameId "2160767909707446"]
[EventDate "2011.07.09"]
[EventType "swiss"]
[EventRounds "9"]
[EventCountry "CAN"]
[SourceTitle "hb 2011"]

1. e4 c6 2. d4 d5 3. exd5 cxd5 4. Bd3 Nf6 5. Bf4 Qb6 6. Nf3 Qxb2 7. Nbd2 Nc6 8. Nb3 Qa3 9. O-O e6 10. Re1 Bd6 11. Ne5 O-O 12. Re3 Qb4 13. Nxc6 bxc6 14. a3 Qb8 15. Be5 Bxe5 16. dxe5 Ne8 17. Qh5 f5 18. Rh3 h6 19. Re1 Qc7 20. Rg3 Kh8 21. Rg6 c5 22. Bb5 Rb8 23. Bxe8 Rxe8 24. Rxh6+ gxh6 25. Qxe8+ Kh7 26. f4 c4 27. Nd4 Qd7 28. Qf8 Rb7 29. Re3 Rb1+ 30. Kf2 Qg7 31. Qxc8 Rb6 32. Rg3 Qf7 33. h3 a6 34. Qc5 Rb8 35. Qd6 Qa7 36. c3 Rb2+ 37. Kg1 Qf7 38. Nxe6 Rb1+ 39. Kh2 1-0

[Event "CAN-op (Pinnacle 48th CAN Op Ch)"]
[Site "Toronto CAN"]
[Date "2011.07.16"]
[Round "8"]
[White "Campbell, Brett"]
[Black "Regan, Kenneth"]
[Result "1-0"]
[WhiteElo "2246"]
[BlackElo "2422"]
[PlyCount "69"]
[GameId "2160767909707447"]
[EventDate "2011.07.09"]
[EventType "swiss"]
[EventRounds "9"]
[EventCountry "CAN"]
[SourceTitle "EXT 2022"]
[Source "ChessBase"]
[SourceDate "2021.10.06"]
[SourceVersion "1"]
[SourceVersionDate "2021.10.06"]
[SourceQuality "1"]

1. g3 d5 2. Bg2 e5 3. d3 Nf6 4. Bg5 Be7 5. Nf3 Nc6 6. Nc3 Be6 7. e4 d4 8. Bxf6 Bxf6 9. Ne2 h5 10. h4 g5 11. hxg5 Bxg5 12. Bh3 Qf6 13. Nxg5 Qxg5 14. Qd2 Qf6 15. f4 O-O-O 16. f5 Bd7 17. O-O-O Rdg8 18. Rdg1 Rg5 19. Bg2 h4 20. Bf3 Ne7 21. g4 Ng8 22. Ng3 Qh6 23. Nh5 Nf6 24. Rxh4 Nxh5 25. Rgh1 Rhg8 26. Rxh5 Rxh5 27. Rxh5 Qg7 28. Qh2 f6 29. Rh7 Qg5+ 30. Qd2 Qxd2+ 31. Kxd2 Be8 32. c3 c5 33. Bd1 a5 34. Rh6 Rf8 35. Bb3 1-0

[Event "CAN-op (Pinnacle 48th CAN Op Ch)"]
[Site "Toronto CAN"]
[Date "2011.07.16"]
[Round "8"]
[White "Chernik, Dmitry"]
[Black "Picana, Andrew"]
[Result "1-0"]
[WhiteElo "1897"]
[BlackElo "2140"]
[PlyCount "105"]
[GameId "2160767909707448"]
[EventDate "2011.07.09"]
[EventType "swiss"]
[EventRounds "9"]
[EventCountry "CAN"]
[SourceTitle "hb 2011"]

1. e4 e6 2. Qe2 c5 3. Nf3 Nc6 4. g3 g6 5. Bg2 Bg7 6. O-O Nge7 7. d3 O-O 8. Nc3 a6 9. Be3 Nd4 10. Qd2 d6 11. Bh6 e5 12. Bxg7 Kxg7 13. Ne2 Bh3 14. Nfxd4 Bxg2 15. Kxg2 cxd4 16. c4 Qd7 17. b4 b6 18. a4 a5 19. bxa5 Rxa5 20. Qb4 Rb8 21. Rfb1 Rb7 22. Qa3 f5 23. f3 fxe4 24. fxe4 Qc6 25. Rb5 Nf5 26. Qb2 Ne3+ 27. Kh1 Rxb5 28. axb5 Qd7 29. Nxd4 Qh3 30. Nf3 Rf7 31. Qe2 Qh6 32. Re1 Ng4 33. h4 Ra7 34. Ng5 Qh5 35. Rf1 Nf6 36. Qf2 Ng8 37. Qf8+ Kh8 38. Nf7+ Rxf7 39. Qxf7 Qg4 40. Qf3 Qh3+ 41. Kg1 Qc8 42. Ra1 Qd8 43. Ra7 Nf6 44. Rf7 Ng8 45. Rf8 Qd7 46. Qf6+ Qg7 47. Qxg7+ Kxg7 48. Rb8 Kf7 49. Rxb6 Ke7 50. Rb7+ Ke6 51. b6 Nf6 52. Rc7 Nd7 53. b7 1-0

[Event "CAN-op (Pinnacle 48th CAN Op Ch)"]
[Site "Toronto CAN"]
[Date "2011.07.16"]
[Round "8"]
[White "Cohen, Lawrence S"]
[Black "Patterson, Roger"]
[Result "1/2-1/2"]
[WhiteElo "1993"]
[BlackElo "2134"]
[PlyCount "44"]
[GameId "2160767909707451"]
[EventDate "2011.07.09"]
[EventType "swiss"]
[EventRounds "9"]
[EventCountry "CAN"]
[SourceTitle "EXT 2022"]
[Source "ChessBase"]
[SourceDate "2021.10.06"]
[SourceVersion "1"]
[SourceVersionDate "2021.10.06"]
[SourceQuality "1"]

1. c4 Nf6 2. g3 c5 3. Nc3 d5 4. cxd5 Nxd5 5. Bg2 Nc7 6. d3 e5 7. f4 exf4 8. Bxf4 Be7 9. Nf3 Nc6 10. Ne5 Nxe5 11. Bxe5 O-O 12. O-O Bd6 13. Bxd6 Qxd6 14. Qa4 Ne6 15. Rae1 Bd7 16. Qd1 Bc6 17. Bxc6 Qxc6 18. Rf5 Rad8 19. b3 Nd4 20. Rf2 f5 21. Ref1 g6 22. e4 fxe4 1/2-1/2

[Event "CAN-op (Pinnacle 48th CAN Op Ch)"]
[Site "Toronto CAN"]
[Date "2011.07.16"]
[Round "8"]
[White "Coleman, Mike"]
[Black "Kalaydina, Regina Veronicka"]
[Result "1-0"]
[WhiteElo "2162"]
[BlackElo "1890"]
[PlyCount "111"]
[GameId "2160767909707452"]
[EventDate "2011.07.09"]
[EventType "swiss"]
[EventRounds "9"]
[EventCountry "CAN"]
[SourceTitle "hb 2011"]

1. e4 c5 2. Nf3 e6 3. d4 cxd4 4. Nxd4 Nf6 5. Nc3 d6 6. Be2 Be7 7. Be3 Nc6 8. O-O O-O 9. f4 Qc7 10. Qd2 a6 11. Bf3 Nxd4 12. Qxd4 e5 13. fxe5 dxe5 14. Qb6 Qc4 15. h3 Be6 16. Be2 Qc6 17. Rad1 Rac8 18. Kh1 Qxb6 19. Bxb6 Rc6 20. Bg1 Rxc3 21. bxc3 Nxe4 22. Rf3 Rc8 23. c4 Bb4 24. Rfd3 f5 25. Rd8+ Rxd8 26. Rxd8+ Kf7 27. Bf3 Ng3+ 28. Kh2 Nf1+ 29. Kh1 e4 30. Bd1 Ng3+ 31. Kh2 Nf1+ 32. Kh1 Ng3+ 33. Kh2 Nf1+ 34. Kh1 f4 35. Bh2 g5 36. Rd4 Bf5 37. Bg4 Kg6 38. Be2 Ne3 39. g4 f3 40. gxf5+ Kxf5 41. Bxf3 exf3 42. Bg1 Nxc2 43. Rd5+ Kf6 44. Rd3 Ne1 45. Rb3 Bd2 46. Bf2 h5 47. Bxe1 Bxe1 48. Rxf3+ Kg6 49. Rb3 a5 50. Rxb7 Kf6 51. c5 Ke6 52. Rg7 Bd2 53. c6 Kf6 54. c7 Kxg7 55. c8=Q h4 56. Qd7+ 1-0

[Event "CAN-op (Pinnacle 48th CAN Op Ch)"]
[Site "Toronto CAN"]
[Date "2011.07.16"]
[Round "8"]
[White "Deline, Ralph"]
[Black "Karmalkar, Vilas"]
[Result "1/2-1/2"]
[WhiteElo "1828"]
[BlackElo "1608"]
[PlyCount "134"]
[GameId "2160767909707454"]
[EventDate "2011.07.09"]
[EventType "swiss"]
[EventRounds "9"]
[EventCountry "CAN"]
[SourceTitle "hb 2011"]

1. e4 e5 2. Nf3 Nc6 3. Bc4 h6 4. c3 Nf6 5. d3 Bc5 6. b4 Bb6 7. b5 Na5 8. Nxe5 Nxc4 9. Nxc4 O-O 10. Nxb6 axb6 11. O-O Re8 12. Nd2 d5 13. f3 Qd6 14. Nb3 Bd7 15. a4 Qe5 16. d4 Qe6 17. e5 Nh7 18. Be3 c6 19. Qe2 Rac8 20. bxc6 bxc6 21. a5 bxa5 22. Nc5 Qe7 23. Rxa5 Bf5 24. Rfa1 Nf8 25. Ra7 Rc7 26. R7a6 Ne6 27. R1a5 Nxc5 28. Rxc5 Qe6 29. c4 Qd7 30. cxd5 cxd5 31. Rd6 Qc8 32. Rdxd5 Be6 33. Rxc7 Qxc7 34. Rc5 Qb7 35. Rb5 Qc6 36. Qb2 Ra8 37. Rc5 Qa4 38. Rc1 Qd7 39. Qc3 Qb7 40. Rf1 Ra2 41. Rc1 Kh7 42. Bf2 g5 43. h3 h5 44. Qd3+ Kg7 45. Rd1 Bd5 46. Qe3 Kg6 47. h4 Qe7 48. Qxg5+ Qxg5 49. hxg5 Kxg5 50. Be3+ Kf5 51. Rd2 Ra3 52. Kf2 f6 53. exf6 Kxf6 54. Bf4 h4 55. Bc7 h3 56. Be5+ Kg6 57. gxh3 Rxf3+ 58. Ke1 Rxh3 59. Rf2 Rh1+ 60. Kd2 Rh3 61. Rf6+ Kg5 62. Rd6 Be4 63. Bf6+ Kf5 64. Bd8 Rd3+ 65. Ke2 Rh3 66. Rf6+ Kg4 67. Bc7 Bh1 1/2-1/2

[Event "CAN-op (Pinnacle 48th CAN Op Ch)"]
[Site "Toronto CAN"]
[Date "2011.07.16"]
[Round "8"]
[White "Demmery, Steve"]
[Black "Cao, Jason"]
[Result "1/2-1/2"]
[WhiteElo "2208"]
[BlackElo "1908"]
[PlyCount "91"]
[GameId "2160767909707455"]
[EventDate "2011.07.09"]
[EventType "swiss"]
[EventRounds "9"]
[EventCountry "CAN"]
[SourceTitle "hb 2011"]

1. d4 Nf6 2. Bf4 g6 3. e3 Bg7 4. h3 O-O 5. Nf3 c5 6. c3 Qb6 7. Qb3 Qxb3 8. axb3 cxd4 9. exd4 Nc6 10. Be2 b6 11. b4 Bb7 12. O-O a6 13. Nbd2 b5 14. Nb3 d6 15. Na5 Nxa5 16. Rxa5 Nd5 17. Bh2 Nb6 18. Bf4 Rac8 19. Nd2 Na4 20. Rb1 Bf6 21. Bf3 Bxf3 22. Nxf3 Ra8 23. c4 e5 24. Bh6 Rfb8 25. cxb5 axb5 26. dxe5 dxe5 27. Bd2 Rxa5 28. bxa5 e4 29. Ng5 Bxb2 30. Nxe4 f5 31. Nc5 Nxc5 32. Rxb2 Na6 33. Be3 b4 34. Bb6 Kf7 35. Kf1 Ke6 36. Ke2 Kd5 37. Rc2 Re8+ 38. Kd3 g5 39. f3 h5 40. Rc4 Rg8 41. g4 hxg4 42. hxg4 Rf8 43. Be3 fxg4 44. fxg4 Rb8 45. Bb6 Rh8 46. Be3 1/2-1/2

[Event "CAN-op (Pinnacle 48th CAN Op Ch)"]
[Site "Toronto CAN"]
[Date "2011.07.16"]
[Round "8"]
[White "Drkulec, Vladimir"]
[Black "Castaneda, Nelson"]
[Result "0-1"]
[WhiteElo "2002"]
[BlackElo "2229"]
[PlyCount "111"]
[GameId "2160767909707456"]
[EventDate "2011.07.09"]
[EventType "swiss"]
[EventRounds "9"]
[EventCountry "CAN"]
[SourceTitle "CBM 143 Extra"]
[Source "ChessBase"]
[SourceDate "2011.08.29"]
[SourceVersion "1"]
[SourceVersionDate "2011.08.29"]
[SourceQuality "1"]

1. d4 Nf6 2. c4 g6 3. Nc3 Bg7 4. e4 d6 5. Be2 O-O 6. Bg5 c5 7. dxc5 Qa5 8. Qd2 Qxc5 9. h3 Nc6 10. Be3 Qa5 11. Nf3 Be6 12. Rc1 Rac8 13. b3 a6 14. O-O Rfe8 15. Rfd1 Nd7 16. Ng5 Nc5 17. Nxe6 fxe6 18. Bg4 Kf7 19. Bh6 Bf6 20. Qe3 b5 21. cxb5 axb5 22. Nd5 Red8 23. Nf4 Ne5 24. Qe2 Rc6 25. b4 Qxb4 26. Rxc5 Rxc5 27. Nxe6 Ra8 28. Nxc5 Qxc5 29. Rd5 Qc3 30. Qxb5 Qe1+ 31. Qf1 Qxe4 32. Qd1 Nxg4 33. hxg4 Rxa2 34. Qf3 Qe1+ 35. Kh2 Qxf2 36. Qxf2 Rxf2 37. Be3 Re2 38. Bd2 e6 39. Rd3 g5 40. Kg3 d5 41. Kf3 Re4 42. Rb3 Ra4 43. Rb7+ Kg6 44. Rb6 Rd4 45. Be3 Re4 46. Ra6 Be7 47. Rc6 h6 48. Bd2 Kf6 49. Ra6 Rc4 50. Ra8 Bb4 51. Be3 Ke5 52. Rh8 Rc3 53. Ke2 Ke4 54. Bf2 Rc2+ 55. Kf1 d4 56. Rxh6 0-1

[Event "CAN-op (Pinnacle 48th CAN Op Ch)"]
[Site "Toronto CAN"]
[Date "2011.07.16"]
[Round "8"]
[White "Fan, Brendan"]
[Black "Chan, James"]
[Result "1/2-1/2"]
[WhiteElo "2097"]
[BlackElo "2022"]
[PlyCount "88"]
[GameId "2160767909707457"]
[EventDate "2011.07.09"]
[EventType "swiss"]
[EventRounds "9"]
[EventCountry "CAN"]
[SourceTitle "hb 2011"]

1. e4 e5 2. Nf3 Nc6 3. Nc3 Nf6 4. d4 exd4 5. Nxd4 Bb4 6. Nxc6 bxc6 7. Bd3 d5 8. exd5 O-O 9. O-O cxd5 10. Bg5 c6 11. Na4 h6 12. Bh4 Bd6 13. c4 Rb8 14. Rc1 Be6 15. Kh1 Bf4 16. Rc2 Qa5 17. b3 Nd7 18. g3 Bd6 19. f4 f6 20. Qh5 Rfe8 21. Bg6 Re7 22. Re2 Bh3 23. Rd1 Rxe2 24. Qxe2 Nf8 25. Qh5 Nxg6 26. Qxg6 Rf8 27. Qh5 Be6 28. f5 Bf7 29. Qg4 Be5 30. c5 d4 31. h3 Rd8 32. Qe2 d3 33. Qd2 Qc7 34. Qe3 Qd7 35. Qf2 Qd5+ 36. Kh2 Qe4 37. Re1 Qb4 38. Rxe5 d2 39. Nb2 d1=Q 40. Nxd1 Rxd1 41. Re2 Bd5 42. g4 Rh1+ 43. Kg3 Qc3+ 44. Qe3 Rg1+ 1/2-1/2

[Event "CAN-op (Pinnacle 48th CAN Op Ch)"]
[Site "Toronto CAN"]
[Date "2011.07.16"]
[Round "8"]
[White "Finlay, Ian"]
[Black "Orlova, Yelizaveta"]
[Result "0-1"]
[WhiteElo "1984"]
[BlackElo "2073"]
[PlyCount "146"]
[GameId "2160767909707459"]
[EventDate "2011.07.09"]
[EventType "swiss"]
[EventRounds "9"]
[EventCountry "CAN"]

1. e4 b6 2. d4 Bb7 3. Nc3 e6 4. Bd3 Ne7 5. Nf3 d5 6. O-O dxe4 7. Nxe4 Nf5 8. Bf4 Be7 9. Re1 O-O 10. c3 h6 11. Ng3 Nxg3 12. Bxg3 Nd7 13. Ne5 Nf6 14. Bc2 c5 15. Qd3 Kh8 16. Ng4 c4 17. Qe2 Qd5 18. f3 Nxg4 19. fxg4 Bf6 20. Be4 Qxe4 21. Qxe4 Bxe4 22. Rxe4 Rfd8 23. Rf1 Rd7 24. Bf4 Kh7 25. Rf3 g5 26. Bc1 Bg7 27. g3 b5 28. Kf1 Kg6 29. h4 a5 30. Re2 b4 31. Ref2 Raa7 32. Be3 Rab7 33. Rd2 Rd5 34. h5+ Kh7 35. Rdf2 Kg8 36. Kg2 Rbd7 37. Rd2 e5 38. Rf5 exd4 39. Rxd5 Rxd5 40. Bxd4 Bxd4 41. cxd4 c3 42. bxc3 bxc3 43. Rd3 c2 44. Rc3 Rxd4 45. Rxc2 Rxg4 46. Rc5 Ra4 47. Rc2 g4 48. Kf2 Kg7 49. Ke2 Kf6 50. Rc6+ Kg5 51. Rc5+ f5 52. Kf1 Rxa2 53. Kg1 a4 54. Ra5 a3 55. Kh1 Rb2 56. Rxa3 Kxh5 57. Ra8 Rb6 58. Rg8 Rg6 59. Rf8 Kg5 60. Kg2 Rf6 61. Rg8+ Kh5 62. Ra8 Kg6 63. Ra4 h5 64. Rf4 Kg5 65. Ra4 h4 66. Ra5 hxg3 67. Kxg3 Re6 68. Kf2 Kf4 69. Ra3 Re5 70. Kf1 Re3 71. Ra2 g3 72. Kg2 Kg4 73. Ra1 f4 0-1

[Event "CAN-op (Pinnacle 48th CAN Op Ch)"]
[Site "Toronto CAN"]
[Date "2011.07.16"]
[Round "8"]
[White "Gladstone, Simon"]
[Black "Henry, Liam"]
[Result "1/2-1/2"]
[WhiteElo "1933"]
[BlackElo "2150"]
[PlyCount "46"]
[GameId "2160767909707460"]
[EventDate "2011.07.09"]
[EventType "swiss"]
[EventRounds "9"]
[EventCountry "CAN"]
[SourceTitle "CBM 143 Extra"]
[Source "ChessBase"]
[SourceDate "2011.08.29"]
[SourceVersion "1"]
[SourceVersionDate "2011.08.29"]
[SourceQuality "1"]

1. e4 c5 2. Nf3 d6 3. d4 cxd4 4. Qxd4 a6 5. Bg5 Nc6 6. Qd2 h6 7. Bf4 e5 8. Be3 Nf6 9. Nc3 Be6 10. Be2 b5 11. a3 Be7 12. O-O O-O 13. Rad1 Qb8 14. Ne1 Rd8 15. Nd3 d5 16. exd5 Nxd5 17. Bf3 f5 18. Nxe5 Qxe5 19. Nxd5 Qxb2 20. Nxe7+ Nxe7 21. Qb4 Qxb4 22. axb4 Nd5 23. Bxd5 Rxd5 1/2-1/2

[Event "CAN-op (Pinnacle 48th CAN Op Ch)"]
[Site "Toronto CAN"]
[Date "2011.07.16"]
[Round "8"]
[White "Gulati, Ashish"]
[Black "Lacau Rodean, Iulia"]
[Result "1-0"]
[WhiteElo "2210"]
[BlackElo "2091"]
[PlyCount "47"]
[GameId "2160767909707462"]
[EventDate "2011.07.09"]
[EventType "swiss"]
[EventRounds "9"]
[EventCountry "CAN"]
[SourceTitle "EXT 2022"]
[Source "ChessBase"]
[SourceDate "2021.10.06"]
[SourceVersion "1"]
[SourceVersionDate "2021.10.06"]
[SourceQuality "1"]

1. e4 c5 2. Nc3 d6 3. f4 Nc6 4. Nf3 g6 5. g3 Bg7 6. Bg2 e6 7. d3 Nge7 8. Be3 O-O 9. O-O Rb8 10. Qd2 b5 11. e5 dxe5 12. Bxc5 a6 13. fxe5 Nxe5 14. Nxe5 Bxe5 15. d4 Bb7 16. Bxe7 Bxd4+ 17. Kh1 Bxg2+ 18. Kxg2 Qxe7 19. Qxd4 Rbd8 20. Qe3 Qb7+ 21. Kg1 Qc6 22. Rf2 Qc4 23. a4 b4 24. Rf4 1-0

[Event "CAN-op (Pinnacle 48th CAN Op Ch)"]
[Site "Toronto CAN"]
[Date "2011.07.16"]
[Round "8"]
[White "Gusev, Nikita"]
[Black "Milicevic, Goran"]
[Result "1-0"]
[WhiteElo "2223"]
[BlackElo "2400"]
[PlyCount "67"]
[GameId "2160767909707464"]
[EventDate "2011.07.09"]
[EventType "swiss"]
[EventRounds "9"]
[EventCountry "CAN"]
[SourceTitle "hb 2011"]

1. e4 e6 2. d4 d5 3. exd5 exd5 4. Nf3 Nc6 5. Bb5 Bd6 6. c4 Nf6 7. c5 Be7 8. Ne5 Bd7 9. Bxc6 Bxc6 10. Nxc6 bxc6 11. Qa4 Qd7 12. O-O O-O 13. Nd2 Ne4 14. Nb3 f5 15. f3 Ng5 16. Na5 f4 17. Qxc6 Qf5 18. Re1 Bf6 19. Qa4 Qd3 20. Nc6 Rae8 21. Rxe8 Rxe8 22. Ne5 Rxe5 23. dxe5 Be7 24. Bxf4 Nh3+ 25. gxh3 Bxc5+ 26. Kg2 Qe2+ 27. Kg3 Qf2+ 28. Kg4 Qg2+ 29. Bg3 h5+ 30. Kg5 Qxf3 31. Qe8+ Bf8 32. Qe6+ Kh8 33. Qf5 Be7+ 34. Kg6 1-0

[Event "CAN-op (Pinnacle 48th CAN Op Ch)"]
[Site "Toronto CAN"]
[Date "2011.07.16"]
[Round "8"]
[White "Ibrahim, Ismail"]
[Black "Pedersen, Rick"]
[Result "1-0"]
[WhiteElo "2110"]
[BlackElo "1985"]
[PlyCount "50"]
[GameId "2160767909707466"]
[EventDate "2011.07.09"]
[EventType "swiss"]
[EventRounds "9"]
[EventCountry "CAN"]
[SourceTitle "hb 2011"]

1. e4 d6 2. d4 Nf6 3. Nc3 g6 4. f4 Bg7 5. Nf3 O-O 6. Be2 Nc6 7. O-O Bg4 8. Be3 Nd7 9. Ng5 Bxe2 10. Nxe2 e5 11. c3 Qe8 12. Ng3 Rd8 13. h4 h6 14. Nh3 exd4 15. cxd4 Nf6 16. Qf3 Nh5 17. Nxh5 Nxd4 18. Qf2 Qxe4 19. Nxg7 Nc2 20. Rae1 Nxe1 21. Rxe1 Qb4 22. Bd4 c5 23. Bf6 Rc8 24. f5 d5 25. Nf4 Rfd8 1-0

[Event "CAN-op (Pinnacle 48th CAN Op Ch)"]
[Site "Toronto CAN"]
[Date "2011.07.16"]
[Round "8"]
[White "Inigo, Aquino"]
[Black "Zotkin, Daniel"]
[Result "1-0"]
[WhiteElo "2088"]
[BlackElo "1598"]
[PlyCount "49"]
[GameId "2160767909707467"]
[EventDate "2011.07.09"]
[EventType "swiss"]
[EventRounds "9"]
[EventCountry "CAN"]

1. d4 d5 2. c4 e6 3. Nc3 Nf6 4. Bg5 Nbd7 5. Nf3 Be7 6. e3 h6 7. Bh4 O-O 8. Rc1 c6 9. Bd3 dxc4 10. Bxc4 a6 11. O-O b5 12. Bd3 c5 13. dxc5 Nxc5 14. Bb1 Qb6 15. Qc2 g6 16. Ne5 g5 17. Ng4 Ncd7 18. Nxh6+ Kg7 19. Bxg5 Qc5 20. h4 Rh8 21. Nxf7 Kxf7 22. Qg6+ Kf8 23. Bh6+ Rxh6 24. Qxh6+ Ke8 25. Bg6+ 1-0

[Event "CAN-op (Pinnacle 48th CAN Op Ch)"]
[Site "Toronto CAN"]
[Date "2011.07.16"]
[Round "8"]
[White "Kagramanov, Dina"]
[Black "Fu, James"]
[Result "0-1"]
[WhiteElo "2100"]
[BlackElo "2051"]
[PlyCount "106"]
[GameId "2160767909707469"]
[EventDate "2011.07.09"]
[EventType "swiss"]
[EventRounds "9"]
[EventCountry "CAN"]
[SourceTitle "CBM 143 Extra"]
[Source "ChessBase"]
[SourceDate "2011.08.29"]
[SourceVersion "1"]
[SourceVersionDate "2011.08.29"]
[SourceQuality "1"]

1. e4 Nc6 2. Nf3 e5 3. Bc4 Bc5 4. c3 Nf6 5. d3 h6 6. Nbd2 d6 7. h3 O-O 8. O-O a6 9. b4 Bb6 10. Re1 g5 11. Nh2 Ne7 12. Ndf1 Ng6 13. Ng3 c6 14. Be3 d5 15. Bxb6 Qxb6 16. Bb3 d4 17. Nf5 dxc3 18. Nxh6+ Kg7 19. Nf5+ Bxf5 20. exf5 Nf4 21. Rxe5 Qxb4 22. Ng4 Rad8 23. Nxf6 Kxf6 24. Re4 Rd4 25. Qf3 c2 26. h4 Rxe4 27. hxg5+ Kxg5 28. dxe4 Qc3 29. Qxc3 Ne2+ 30. Kf1 Nxc3 31. Bxc2 Rh8 32. f4+ Kxf4 33. Kg1 f6 34. Re1 Nxa2 35. e5 fxe5 36. f6 Rf8 37. f7 Nc3 38. g3+ Kf3 39. Bg6 Ne2+ 40. Kf1 Nxg3+ 41. Kg1 Ne2+ 42. Kf1 Nf4 43. Bc2 Rxf7 44. Rxe5 Nd5 45. Ke1 Re7 46. Rxe7 Nxe7 47. Kd2 Kf4 48. Kc3 Ke5 49. Kb4 b6 50. Bd3 a5+ 51. Ka4 Kd4 52. Be2 Kc5 53. Bd3 Nd5 0-1

[Event "CAN-op (Pinnacle 48th CAN Op Ch)"]
[Site "Toronto CAN"]
[Date "2011.07.16"]
[Round "8"]
[White "Kong, Dezheng"]
[Black "Strugach, Leonid"]
[Result "1-0"]
[WhiteElo "2120"]
[BlackElo "2324"]
[PlyCount "77"]
[GameId "2160767909707471"]
[EventDate "2011.07.09"]
[EventType "swiss"]
[EventRounds "9"]
[EventCountry "CAN"]
[SourceTitle "hb 2011"]

1. Nc3 d5 2. e4 dxe4 3. Nxe4 c6 4. d4 Bf5 5. Nc5 Qc7 6. Nb3 e6 7. Nf3 Bd6 8. g3 Nf6 9. Bg2 h6 10. O-O Nbd7 11. c4 g5 12. Re1 O-O-O 13. c5 Be7 14. Bd2 Rdg8 15. Na5 Ne4 16. Bb4 Nexc5 17. dxc5 Nxc5 18. Bxc5 Bxc5 19. Nc4 Rd8 20. Qc1 Bb4 21. Rd1 Rxd1+ 22. Qxd1 Rd8 23. Qb3 Bc5 24. Rd1 Rd5 25. Rxd5 cxd5 26. Ne3 Be4 27. Nf1 Qb6 28. Qxb6 axb6 29. Ne5 Bb1 30. Nxf7 Bxa2 31. Nxh6 Bd4 32. Nf7 Bxb2 33. Nxg5 d4 34. Be4 b5 35. h4 Bc1 36. Nf3 b4 37. Nxd4 Kd7 38. Bc2 Kd6 39. Ne3 1-0